[Event "Sigeman & Co 12th"]
[Site "Malmo/Copenhagen"]
[Date "2004.05.07"]
[Round "7"]
[White "Rozentalis, Eduardas"]
[Black "Carlsen, Magnus"]
[Result "1-0"]
[WhiteElo "2619"]
[BlackElo "2552"]
[Annotator "Postny,E"]
[PlyCount "97"]
[EventDate "2004.04.30"]
[EventType "tourn"]
[EventRounds "9"]
[EventCountry "SWE"]
[EventCategory "13"]
[SourceTitle "CBM 101"]
[Source "ChessBase"]
[SourceDate "2004.07.27"]
[SourceVersion "1"]
[SourceVersionDate "2004.07.27"]
[SourceQuality "1"]

1. e4 c5 2. Nf3 Nc6 3. Bb5 g6 4. O-O Bg7 5. Re1 Nf6 ({Another theoretical
direction is} 5... e5) 6. e5 ({The main alternative is} 6. c3 {[%cal Gd2d4]})
6... Nd5 7. Nc3 Nc7 8. Bxc6 dxc6 9. Ne4 Ne6 10. d3 {This is very solid
theoretical line, where white does not get much, but plays almost without any
risk.} O-O (10... h6 {--> 0-1 Lederer,Y-Mikhalevski,V/Israel 2003/CBM 94 
[Mikhalevski,V] (42)}) 11. Be3 b6 12. Qd2 f5 {Black wants to get rid of the
annoying Pe5 as soon as possible.} ({Solid alternative is} 12... Nd4 {--> 1-0
Benjamin,J-Ni Hua/Shanghai 2002/CBM 91 [Rabinovich,Al] (32)}) (12... f6 13.
exf6 exf6 {- see 12...f5.}) 13. exf6 exf6 14. Bh6 Qd7 $6 $146 {This novelty is
a serious inaccuracy.} ({Stronger is} 14... a5 15. Bxg7 Kxg7 16. Qc3 (16. Re2
Ra7 17. Rae1 Raf7 18. h4 h5 19. b3 Qc7 20. Ng3 Nd4 21. Nxd4 cxd4 $11 {1/2-1/2
Kramnik,V-Kasparov,G/Moscow 1996/CBM 52 ext (29)}) (16. Ng3 Ra7 {--> 1/2-1/2
Timman,J-Lautier,J/Pamplona 1999/CBM 75 [Gershon] (30)}) 16... Ra7 17. a3 a4
18. b4 axb3 19. Qxb3 Nf4 20. Rab1 Ra6 $132 {1/2-1/2 Lutz,C-Khalifman,A/New
Delhi/Teheran 2000/CBM 80 (33)}) 15. Bxg7 Kxg7 16. a3 $1 $14 {[%cal Gb2b4] If
black's pawn would have been placed on a5, black could play now a5-a4
preventing white's b2-b4 advance. Now white seizes the initiative.} Nd4 17.
Nxd4 cxd4 18. b4 {Preventing the c6-c5 advance.} Bb7 19. Qf4 Rad8 20. h4 {
Trying to create a target on the kingside.} h5 21. f3 c5 $1 {Sooner or later
black has to make this move, he can not suffer the strong Ne4 forever.} 22.
bxc5 Bxe4 23. Rxe4 {Rozentalis decided to keep the "e" file open.} ({Possible
was} 23. fxe4 bxc5 24. Rab1 {with slight pressure.}) 23... bxc5 24. Rae1 Rde8 {
Black is very close to solve all his problems.} 25. g4 {Looks like the only
attempt to achieve progress.} Rxe4 26. Qxe4 Qd6 27. Kg2 hxg4 28. Qe7+ (28. fxg4
Rf7 $11 {[%cal Gf6f5]}) 28... Qxe7 29. Rxe7+ Kh6 $6 (29... Rf7 $1 {It appears
that black could afford himself to go for pawns endgame.} 30. Rxf7+ Kxf7 31.
fxg4 Ke6 {and black holds on, despite white's possibility to organize an "h"
passed pawn, for instanse:} 32. Kg3 (32. Kf3 f5 {the same like 32.Kg3.}) 32...
f5 33. Kf4 fxg4 34. Kxg4 Kf6 35. a4 a5 36. Kf4 Ke6 37. Kg5 (37. Ke4 Kd6 $11)
37... Kf7 $11) 30. fxg4 c4 $2 {This move wastes an important tempo and weakens
the Pd4.} ({The right continuation was} 30... Rb8 31. Kf3 Rb2 {and black seems
to survive, for example:} 32. Kf4 g5+ 33. hxg5+ fxg5+ 34. Kf5 Rxc2 35. Re6+ Kg7
36. Kxg5 Rc3 37. Ra6 Rxd3 38. Rxa7+ Kf8 $11) 31. Kf3 cxd3 32. cxd3 Rc8 33. Kf4
$1 {Threatening mate in three.} g5+ $8 34. hxg5+ fxg5+ 35. Ke4 Rc1 36. Kxd4 Rg1
37. Re4 Ra1 38. Kc5 $1 {[%mdl 4096] Good endgame technique. Rozentalis
concentrates on his passed "d" pawn, which is the decisive factor in the
position.} ({Worse is} 38. Re6+ $6 Kg7 39. Ra6 Rg1) 38... Rxa3 39. d4 {[%csl
Gc5,Gd4,Ge4,Gg4]} Kg6 40. d5 {It should be noted that black's king is out of
the game, so white wins easily, nothing can stop the "d" pawn.} Rc3+ 41. Kb5
Kf6 42. d6 Rd3 43. Kc6 a5 44. d7 Rc3+ 45. Kb7 Rb3+ 46. Kc7 Rc3+ 47. Kd8 Kf7 48.
Re7+ Kf8 49. Re5 1-0

[Event "FIDE-Wch k.o."]
[Site "Tripoli"]
[Date "2004.06.19"]
[Round "1.1"]
[White "Carlsen, Magnus"]
[Black "Aronian, Levon"]
[Result "1/2-1/2"]
[WhiteElo "2552"]
[BlackElo "2645"]
[Annotator "Golod,V"]
[PlyCount "62"]
[EventDate "2004.06.19"]
[EventType "k.o."]
[EventRounds "7"]
[EventCountry "LBY"]
[SourceTitle "CBM 102"]
[Source "ChessBase"]
[SourceDate "2004.09.23"]
[SourceVersion "1"]
[SourceVersionDate "2004.09.23"]
[SourceQuality "1"]

1. d4 Nf6 2. c4 e6 3. Nc3 Bb4 4. Qc2 O-O 5. e4 d5 6. e5 ({After:} 6. cxd5 exd5
7. e5 Ne4 8. Bd3 c5 {with rearrangement of moves we receive a position from a
game.}) 6... Ne4 7. Bd3 {In my opinion this line is better,than:} (7. Nf3) ({or
} 7. a3) 7... c5 8. cxd5 $5 {Besides,White has several alternatives:} (8. Nge2
$5 {You can see my annotations to Hillarp Persson,T-Polgar,J/Sigeman & Co,2000/
CBM 77(1/2-1/2)(29)}) (8. a3) ({and} 8. dxc5) 8... exd5 9. Nge2 cxd4 10. Nxd4
Nd7 11. f4 Qh4+ 12. g3 Qh3 ({Unexpectedly at once loses a game:} 12... Nxg3 $4
{because of:} 13. Qf2 {[%csl Gf2,Rg3,Rh4]} Nc5 14. Bc2 Nce4 15. Bxe4 dxe4 16.
Qxg3 $18) 13. Bd2 $5 ({On:} 13. Bf1 $5 {You can find ten games in Mega
DataBase 2004. For an example you can see my comments to Ahlander,B-Wedberg,T/
Stockholm,1999/CBM 73(1-0)(43)}) ({It was badly:} 13. Bxe4 $2 dxe4 14. Qxe4 Nc5
{with strong initiative behind pawn.}) 13... Nxd2 ({Also in this position were
checked the following moves:} 13... Bxc3) ({and} 13... Nxg3 $5) 14. Qxd2 Nc5
15. Bf1 (15. a3 $6 Bxc3 16. Qxc3 (16. bxc3 $142) 16... Qg2 17. O-O-O Bg4 18.
Rdg1 Qf2 19. Bc2 (19. Kb1 $5 $15) 19... Rac8 20. Kb1 (20. Qd2 $4 Qxd4 21. Qxd4
Nb3+) 20... Ne4 21. Qd3 Rc4 22. Rd1 Rfc8 23. Rhf1 Rxd4 $1 24. Rxf2 Rxd3 $19 {
Cramling,P-Xu Yuhua/Shenyang,2000(0-1)(35)}) 15... Qh6 $5 $146 {The queen
passes to more convenient position.} ({The game,which have reached this
position were continued as follows:} 15... Qh5 $5 16. Bg2 Ne4 17. Qe3 Bh3 18.
O-O Bxc3 19. bxc3 Rfc8 20. Rac1 Bxg2 21. Kxg2 Rc4 22. f5 $132 {Cramling,P-Xu
Yuhua/Shenyang,2000(1-0)(77)}) 16. Bg2 ({A little prematurely:} 16. a3 $6 {
in view of:} Ne4 $1 (16... Bxc3 $143 17. Qxc3 Ne4 18. Qb3 $13 (18. Qe3 $143 Re8
{[%csl Re3,Gh6][%cal Ge8e5]})) 17. Qd3 (17. Qe3 $143 Bxc3+ 18. bxc3 Re8 {
[%csl Re3,Gh6][%cal Ge8e5]}) 17... Bxc3+ (17... Ba5 $143 18. Bg2 {/\0-0}) 18.
bxc3 Bh3 $15) 16... Qa6 $1 {/^a6-f1; ><d3,Ke1} 17. Qe2 ({It was weakly:} 17.
Rd1 $2 {because of:} Bg4 18. Bf3 Bxf3 19. Nxf3 Ne4 $17) 17... b6 {This move is
the "harbinger" of active actions in this game.} ({Leads to benefit of the
contender:} 17... Nd3+ $6 18. Kd2 $140 Nxb2 19. Qxa6 bxa6 20. Kc2 $1 (20. Bxd5
$6 Rd8 (20... Rb8 $2 21. Nc6 $16) 21. Bxa8 Rxd4+ 22. Kc2 Nc4 $44 23. Rac1 $140
Bf5+ 24. Kb3 Na5+ 25. Kb2 Rd2+ 26. Ka1 Ba3 $13) 20... Bxc3 (20... Nc4 $6 21.
Nxd5 $16) 21. Kxc3 Na4+ 22. Kd2 {+/=/+/-}) 18. Bxd5 $6 {After this inaccurate
move White will have to fight for equality.} ({It deserves serious attention:} 
18. Qxa6 $1 Bxa6 $140 19. Nc6 Bxc3+ (19... Nd3+ $143 20. Kd2 {+/=/+/-}) 20.
bxc3 $14) 18... Nd3+ $36 19. Kf1 $5 ({Leads to favourable complications for
Black:} 19. Kd2 $6 Rd8 $1 20. Bxa8 (20. Bxf7+ $143 Kxf7 21. Qxd3 Bc5 $36) 20...
Rxd4 21. Ke3 Bc5 $36 22. Kf3 $140 {[%tqu "En","Please enter the best move for
Black.","","","d3e5","",10]} Nxe5+ $1 23. Kg2 (23. Qxe5 $4 Rd3+ 24. Kg2 Rd2+
25. Kf3 Qd3+) (23. fxe5 $4 Bg4+) 23... Bb7+ 24. Bxb7 Qxb7+ 25. Kh3 Qd7+ 26. f5
(26. g4 $2 Ng6 $19) 26... Qxf5+ 27. Kg2 Qf6 $1 (27... Rd2 $143 28. Qxd2 Qf3+
29. Kh3 Qg4+ 30. Kg2 Qf3+ $11) 28. Rhd1 $140 Qc6+ 29. Kh3 Nd3 $1 $40 {[%csl
Yc6,Yd7,Rh3][%cal Yc6d7]}) 19... Bh3+ 20. Bg2 Bxg2+ {For Black it's certainly
favourable to exchange these bishops.} 21. Kxg2 $8 Rfd8 (21... Bxc3 $5 22. bxc3
Rac8 23. Qd2 Qb7+ $44 {/\Nc5}) 22. Ncb5 {Magnus Carlsen has chosen the
necessary knight for a jump on a point "b5".} (22. Ndb5 $6 Rac8 23. a4 (23.
Rhd1 $2 Rxc3 $1 (23... Bxc3 $143 24. Rxd3 $8 (24. Nxc3 $4 Rxc3 25. bxc3 $140
Nxf4+) 24... Rxd3 25. Qxd3 Bxb2 26. Rd1 $13) 24. Nxc3 (24. bxc3 $2 Qxb5 {
[%csl Gb5,Re2,Rg2][%cal Gd3f4]}) 24... Bxc3 $17 25. Rxd3 $140 $2 Rxd3 {[%csl
Ga6,Re2,Gg2][%cal Gd3g3]}) 23... Bxc3 24. bxc3 Qb7+ 25. Kg1 (25. Qf3 $4 Ne1+
26. Rhxe1 Rd2+) 25... Qd5 $36) {[%tqu "En","Find the best continuation for
Black?","","","d8d4","",10,"b4c5","",0]} 22... Rxd4 $1 (22... Bc5 $6 23. Rad1
Qb7+ (23... Bxd4 $143 24. Qxd3 Qb7+ 25. Qf3 $1 (25. Kh3 Qc8+ 26. Kh4 $14) 25...
Qxf3+ 26. Kxf3 Bxb2 27. Nxa7 {[%csl Rg8]} h5 28. Rxd8+ Rxd8 29. Rb1 $16) 24.
Nf3 Nf2 25. Rxd8+ Rxd8 26. Re1 Ng4 27. Qe4 Qd7 28. Nc3 {+/=/+/-}) 23. Nxd4 $140
Rd8 {[%csl Ga6,Gd3,Yd4,Gd8,Re2,Rg2][%cal Gd8d4,Yd4e2,Gd3f4]} 24. Qe4 {White
had no other worthy alternative:} (24. e6 $2 Rxd4 25. exf7+ (25. e7 $4 Nxf4+)
25... Kxf7 26. Qh5+ Kg8 27. Qe8+ Bf8 28. Qe6+ Kh8 $17) 24... Qc4 25. b3 Qxd4 (
25... Rxd4 $4 {is refuted by:} 26. Qa8+ Bf8 27. bxc4) 26. Qxd4 Rxd4 27. Rad1 {
/\Kf3-e2} Bd2 $5 {Levon Aronian uses a beautiful tactical dodge.} (27... Bc5 $5
28. Kf3 Kf8 (28... a5 $143 29. Ke2 Nb4 30. Rxd4 Bxd4 31. Rd1 Nc6 32. Kd3 $14)
29. Ke2 Nb4 30. Rxd4 Bxd4 31. Rd1 Bc5 $11) 28. Rhf1 (28. Rxd2 $2 Nxf4+ 29. gxf4
Rxd2+ 30. Kf3 Rxa2 31. Rc1 h5 32. Rc8+ Kh7 $15) 28... g5 $1 {Black provokes a
movements of pawn "f4" with the purpose to create of weakness in camp of the
contender.} (28... Nb4 $6 29. Rf2 Be3 30. Rxd4 Bxd4 31. Rd2 Nc6 32. Kf3 {
/\Ke4 +/=}) 29. Kf3 ({Also leads to equality:} 29. Rxd2 Nxf4+ 30. gxf4 Rxd2+
31. Rf2 $11) 29... Nb2 (29... gxf4 $2 30. Rxd2 Nxe5+ 31. Ke2 Re4+ 32. Kd1 f3
$16) 30. Rb1 Nd3 $11 31. Rbd1 {Drawn game is inevitable.} (31. Rfd1 $143 Nc5
32. fxg5 Ne4 {[%csl Rb1,Rd1,Rg5][%cal Ge4c3] =/=/+}) 31... Nb2 {This game was
very interesting and important for the theory of this variation.} 1/2-1/2

[Event "FIDE-Wch k.o."]
[Site "Tripoli"]
[Date "2004.06.20"]
[Round "1.3"]
[White "Aronian, Levon"]
[Black "Carlsen, Magnus"]
[Result "1/2-1/2"]
[WhiteElo "2645"]
[BlackElo "2552"]
[Annotator "Dautov,R"]
[PlyCount "96"]
[EventDate "2004.06.19"]
[EventType "k.o."]
[EventRounds "7"]
[EventCountry "LBY"]
[SourceTitle "CBM 102"]
[Source "ChessBase"]
[SourceDate "2004.09.23"]
[SourceVersion "1"]
[SourceVersionDate "2004.09.23"]
[SourceQuality "1"]

1. c4 c6 2. e4 d5 3. exd5 cxd5 4. d4 Nf6 5. Nc3 g6 6. Qb3 Bg7 7. cxd5 O-O 8.
Be2 Nbd7 9. Bf3 Nb6 10. a4 a5 11. Nge2 Bf5 12. Qd1 $2 $146 {Eine merkwürdige
Neuerung, Aronian gibt seinen Mehrbauern kampflos ab und landet in einer
leicht schlechteren Stellung. Um die Variante beurteilen zu können, sollte man
die Komplikationen nach dem logischen 12.0-0 Bd3 13.d6 untersuchen.} (12. O-O
Bd3 13. d6 exd6 14. Bxb7 Rb8 15. Bc6 $1 (15. Bf3 Nbd5 $1 (15... Nbd7 16. Nb5 $1
Bxb5 17. axb5 Qb6 18. Qa4 Qxb5 19. Qxa5 $14) 16. Nb5 Nb4 17. Bd2 Re8 18. Bxb4
Bxb5 19. axb5 Rxb5 {Bezdan,T-Kiss,L/Hungary 1993} 20. Bxa5 Qxa5 21. Qc2 Qb6 $11
) 15... Nbd5 16. Qd1 (16. Bb5 $2 Nxc3 17. Qxc3 Bxb5 18. axb5 Rxb5 $11) 16...
Nb4 17. Bb5 Bc2 18. Qd2 Ne4 19. Nxe4 Bxe4 20. Ra3 Qb6 21. Qf4 Qb7 22. Rg3 Bc6
23. Nc3 $16 {Rogulj,B-Markotic,G/Porec 1994}) 12... Nbxd5 $15 13. O-O Qd7 14.
Ng3 Be6 15. Nge4 Nxe4 16. Nxe4 b6 17. Ng5 Rad8 {Mehr versprach Schwarz 18...
Bf5!.} (17... Bf5 $1 18. g4 (18. Qb3 Rad8 $15) 18... Be6 19. Re1 Rad8 20. Nxe6
fxe6 $15) 18. Nxe6 Qxe6 19. Re1 Qd6 20. Bg5 Bf6 $1 (20... h6 21. Bh4 Rfe8 22.
Bxd5 Qxd5 23. Bxe7 Rd7 24. Bb4 Rxe1+ 25. Bxe1 Bxd4 26. Qe2 $11) 21. Qd2 Bxg5
22. Qxg5 Nb4 $6 {Das folgende Springermanöver bringt Schwarz nicht mehr als
ein ausgeglichenes Endspiel. Mit 22...e6 könnte Carlsen seinen leichten
Vorteil (der schwache Isolani d4!) sichern.} (22... e6 $1 23. Qe5 Nb4 $15) 23.
Rad1 Nc2 $2 (23... e6 $1) 24. Re4 $1 Qf6 (24... f5 25. Rxe7 Nxd4 26. Rde1 Nxf3+
27. gxf3 $11) 25. Qxf6 exf6 26. g4 $11 Rd6 27. Rd2 Nb4 28. Re7 Rfd8 29. Rb7
Rxd4 30. Rxd4 Rxd4 31. Rxb6 Nd3 32. b3 Nf4 (32... Ne5 $6 33. Kg2 Rd3 34. Be2
Rd2 35. Kf1 $14) 33. h4 Kg7 34. Rb5 Rd3 35. Be4 Rc3 36. Rxa5 Rxb3 37. Rb5 $6
Ra3 38. a5 Ne2+ 39. Kg2 Nc3 40. Rb4 Nxe4 41. Rxe4 Rxa5 42. Rb4 h5 43. gxh5 Rxh5
44. Kg3 Rd5 45. f3 Rd7 46. Ra4 Kh6 47. Rb4 f5 48. Rc4 Re7 1/2-1/2

[Event "Gausdal Classic"]
[Site "Gausdal"]
[Date "2004.09.27"]
[Round "5"]
[White "Palo, Davor"]
[Black "Carlsen, Magnus"]
[Result "0-1"]
[WhiteElo "2513"]
[BlackElo "2567"]
[Annotator "Golod,V"]
[PlyCount "120"]
[EventDate "2004.09.23"]
[EventType "tourn"]
[EventRounds "9"]
[EventCountry "NOR"]
[EventCategory "10"]
[SourceTitle "CBM 104"]
[Source "ChessBase"]
[SourceDate "2005.01.27"]
[SourceVersion "1"]
[SourceVersionDate "2005.01.27"]
[SourceQuality "1"]

1. d4 Nf6 2. c4 e6 3. Nc3 Bb4 4. Qc2 O-O 5. a3 Bxc3+ 6. Qxc3 b6 7. Bg5 Bb7 8.
Nf3 d6 9. Nd2 Nbd7 10. f3 c5 $5 {Besides Black has two alternatives:} (10... d5
$5 {You can see my annotations to game: Kasparov,G-Karpov,A/Frankfurt,1999/CBM
72(1/2-1/2)(49)}) (10... h6 $5 {You can see my comments to Shchekachev,
A-Bagheri,A/Paris,2003/CBM 99(1-0)(38)}) 11. e4 {White had no other worthy
alternative.} Re8 ({After:} 11... cxd4 12. Qxd4 Qc7 {you can find three games
in Mega DataBase 2004}) ({On:} 11... h6 $5 {I have found three games in my
database.For an example we shall consider latest of them:} 12. Bh4 cxd4 13.
Qxd4 Qe7 14. Be2 Rfd8 15. O-O Rac8 16. Rfd1 e5 17. Qf2 Nf8 18. Nf1 Ng6 19. Bg3
Nh5 20. Ne3 Nxg3 21. hxg3 {+/=/= Gustafsson,J-Vescovi,G/playchess.com INT,2004
(1-0)(64)}) 12. Bd3 ({Also four times were checked up in previous games:} 12.
Be2 $5) 12... cxd4 $1 $146 {An interesting attempt of improvement black's play.
} ({The games,which have reached this position were continued as follows:} 
12... Qc7 $5 {For further details,you can see comments to Dautov,R-Epishin,V/
Port Erin,2002/CBM 91(1/2-1/2)(Dautov,R)(67)}) ({and} 12... e5 13. d5 $2 (13.
dxe5 $5 dxe5 14. O-O $14) 13... Nf8 $6 (13... Nxd5 $1 14. Bxd8 Nxc3 15. Bc7 Na4
$36) 14. Qc2 Bc8 15. Nb1 h6 16. Be3 Nh5 17. g3 $14 {Rogozenko,D-Wells,P/
Germany,1998/GER-chT(1/2-1/2)(65)}) (12... h6 $6 {Dautov,R} 13. Bh4 Qc7 14. O-O
cxd4 15. Qxd4 Qc5 16. Qf2 $14) 13. Qxd4 $140 Nc5 14. Bc2 ({It deserves more
attention:} 14. O-O e5 15. Qe3 h6 16. Bxf6 (16. Bh4 $143 Ng4) 16... Qxf6 17. b4
Ne6 18. Nb3 Nf4 19. Rfd1 $11) 14... e5 $1 {The game of Black corresponds to
the requirements of a position. I am sure, that Magnus expected for this move,
when he made 12...cxd4.} 15. Qf2 (15. Qe3 h6 16. Bxf6 (16. Bh4 $2 Ng4 $1 $17)
16... Qxf6 17. O-O {but hardly the position of whie's bishop on a point " c2"
is better than on point "d3" in the previous variation.}) 15... Ng4 16. Bxd8 {
White has selected the most irresolute continuation.} (16. Qh4 $142 f6 17. Qxg4
fxg5 18. h4 gxh4 19. Qxh4 Qxh4+ 20. Rxh4) 16... Nxf2 17. Kxf2 Rexd8 $11 {
The position has become simpler, and now with such structure of the pawns,
White can not receive,even the minimal positional advantage.} 18. b4 Ne6 19.
Rhc1 (19. Nb3 $5 {/\Bd3,Rfc1} Rac8 20. Bd3 Nf4 21. Bf1 $11 {/\g3}) 19... Kf8 {
Black remember,that K is very important piece in the endgame!} 20. Nb3 Ke7 21.
Bd3 {All the same white's bishop is transferred on /^a6-f1.} Bc6 22. a4 $6 {
[%mdl 16384] It's very careless easing of point "b4". Now considerably wins in
force the following move of Black.} a5 $1 23. bxa5 $140 Nc5 $1 {Probably,
White have missed this beautiful resource,because only hoped on:} (23... bxa5
$2 24. c5 dxc5 25. Nxc5 Nxc5 (25... Nf4 26. Bf1 Rd2+ 27. Ke3 Rad8 28. g3 Ng2+
29. Bxg2 Rxg2 30. Nb3 {[%csl Ra5,Rc6]}) 26. Rxc5 Rxd3 27. Rxc6 Rd2+ 28. Kg3 $11
) 24. Bc2 ({I can not recommended in this position:} 24. Nxc5 $6 dxc5 (24...
bxc5 $143 25. Bc2 Rxa5 26. Rcb1 Rda8 27. Ra3 $15) 25. Ke3 (25. axb6 $2 Rxd3 26.
a5 Rd2+ 27. Kg3 Ra6 28. Rcb1 Bb7 $17) 25... Rxa5 {with obvious positional
advantage of Black.}) 24... bxa5 $15 25. Rcb1 Kd7 $1 {With the idea Kc7,by
covering of a point "b6".} 26. Nxc5+ dxc5 27. Rd1+ Kc7 28. Rxd8 Rxd8 29. Ke3 ({
It was badly:} 29. Rd1 $2 {in view of:} Rb8 {<->b (><b2; /\a4)}) 29... Rd4 30.
Bd3 Bd7 31. Rb1 $6 {[%mdl 16384] Davor Palo made this move in the most
improper moment.} (31. Ra2 $5) (31. g4 $5 {(><f5)}) (31. h4 $5) {[%tqu "En",
"Find the best continuation for Black?","It is necessary to use a weakness of
the White's rook!","","f7f5","Magnus open the second front and begin to create
to the contender of weakness on the king side.",10,"d7a4","",0]} 31... f5 $1 {
Magnus opens the second front and begins to create to the contender of
weakness on the king side.} (31... Bxa4 $2 32. Ra1 Bb3 33. Rxa5 Kd6 34. Ra6+
$11) 32. Rc1 (32. exf5 $4 Rxd3+ 33. Kxd3 Bxf5+) ({Hardly it was better:} 32. g3
{in view of:} g5 {/\f4.}) 32... f4+ 33. Ke2 Rd6 {Black's rook has finished the
his mission on a point "d4".} 34. Rb1 Rh6 $1 35. h3 {Now White have lost a
counterplay connected with progress "g3".} (35. Rh1 $143 Bxa4 36. Ra1 Bc6 37.
Rxa5 Kb6 $17 {[%csl Ra5,Rh2][%cal Gh6h2,Gb6a5]}) 35... Rg6 36. Kf2 Rd6 37. Ke2
g5 $17 {Has come is time of pawns attack on the king side.} 38. Bc2 h5 39. Rd1
Rd4 40. Bd3 (40. Rxd4 $2 cxd4 {[%csl Ra4,Rc4,Rf3,Rg2,Rh3][%cal Gc7b6,Gb6c5,
Gg5g4]}) 40... Rd6 41. Bc2 Rd4 {Sometimes it is desirable to repeat the moves.}
42. Bd3 Bc6 43. Rg1 Rd8 {Black provokes movements of Pg2 with the purpose to
create of weakness in camp of the contender:} 44. g3 Rg8 $1 45. gxf4 (45. g4
hxg4 46. hxg4 Rb8 $1 {<->b ;קa4,Pf3}) 45... exf4 {[%cal Gc7d6,Gd6e5]} 46. e5 {
It's necessary to open a /^b1-h7.} Bd7 47. Bh7 (47. h4 g4 $17) (47. Rh1 $2 Re8
$19) 47... Rg7 48. Be4 Bxh3 49. Rh1 g4 {/\g3 It's the most logical reaction to
the previous move of White.} (49... Be6 $143 50. Rxh5 Bxc4+ 51. Kd2 Bb3 52. Rh6
Bxa4 53. Ra6 $44) 50. Rb1 Rg5 51. Rb7+ (51. e6 $143 g3 52. Rb7+ Kd6 53. e7 Bd7
$19) 51... Kd8 52. e6 Re5 53. Rf7 g3 $19 {Pg3 easily decide a game!} 54. Rxf4
Rg5 55. Bd5 Bxe6 $5 ({Immediately wins the game the following move:} 55... g2
$1 56. Rf8+ Ke7 (56... Kc7 $5) 57. Rf7+ Kd6 58. Rd7+ (58. f4 {/\Rd7#} Bxe6 $1
$19) 58... Ke5 59. f4+ Kxf4 60. Rf7+ Ke5 61. e7 Bd7 $19) 56. Kf1 (56. Bxe6 $2
g2 {[%cal Gg2g1]}) 56... Bxd5 57. cxd5 Rxd5 58. Kg2 Rd4 59. Rf5 h4 60. Kh3 (60.
Rxc5 $143 Rd2+ 61. Kg1 (61. Kh3 Rh2+ 62. Kg4 g2 63. Rc1 Rh1) 61... h3 $19)
60... c4 (60... c4 {After this move White resigns, because of these variations:
} 61. Rxa5 c3 62. Rc5 Rd2 63. Rxc3 (63. Kxh4 g2 64. Rg5 c2) 63... Rh2+ 64. Kg4
g2 65. Rc1 Rh1) 0-1